Les panthéons connus de Marvel - Statistiques

Statistiques générales
  • Ce quiz a été pris 5 fois
  • Le résultat moyen est 1 sur 21
Statistiques - réponses
Vénérateurs Nom du Panthéon % Correct
Scandinaves Asgardiens
100%
Gréco-Romains Olympiens
40%
Mayas Ahau
0%
Polynésiens Akua
0%
Japonais Amatsu-Kami
0%
Moyen-Orient et Sumériens Annunaki
0%
Incas Apu
0%
Hindous Daevas
0%
Autochtones d'Australie Dieux Aborigènes
0%
Baltes et Slaves Dievas
0%
Philippins Diwatas
0%
Egyptiens Héliopolites
0%
Inuits et Eskimos Inua
0%
Finnois Jumala
0%
Natifs d'Amérique du Nord Manidoog
0%
Mongols Tenger
0%
Aztèques Teteoh
0%
Celtes Tuatha de Danaan
0%
Vaudous africains Vodu
0%
Chinois Xian
0%
Perses puis Iraniens Yazatas
0%
Aucun quiz correspondant
Distribution des résultats
% des personnes avec chaque résultat
Percentile par nombre de réponses
Votre historique - résultats
Vous n’avez pas pris ce quiz